Statistics for Smoke + Mirrors (Deluxe) Track List - Imagine Dragons

Click here to take the quiz!

General Stats

  • This quiz has been taken 10 times
  • The average score is 15 of 21

Answer Stats

Track #Song Name% Correct
01Shots
89%
03Smoke And Mirrors
89%
05I Bet My Life
89%
18Warriors
89%
13The Fall
78%
20Monster
78%
06Polaroid
78%
09Dream
78%
10Trouble
78%
02Gold
78%
14Theif
67%
21Who We Are
67%
12Hopeless Opus
67%
07Friction
67%
04I'm So Sorry
67%
08It Comes Back To You
56%
15The Unknown
56%
16Second Chances
56%
11Summer
56%
17Release
44%
19Battle Cry
44%

Score Distribution

Percentile by Number Answered

Percent of People with Each Score

Your Score History

You have not taken this quiz